KOHA-Header-6

Digital Signal Processing (Computer Laboratory Practical Work Book) (Record no. 122)

000 -LEADER
fixed length control field 00367nam a2200121Ia 4500
008 - FIXED-LENGTH DATA ELEMENTS--GENERAL INFORMATION
fixed length control field 190722s9999 xx 000 0 und d
020 ## - INTERNATIONAL STANDARD BOOK NUMBER
International Standard Book Number 978-969-407-387-3
100 ## - MAIN ENTRY--PERSONAL NAME
Personal name S K Hasnain / Lubna Farhi / Sisha Tahir
245 #0 - TITLE STATEMENT
Title Digital Signal Processing (Computer Laboratory Practical Work Book)
260 ## - PUBLICATION, DISTRIBUTION, ETC. (IMPRINT)
Place of publication, distribution, etc Karachi
Name of publisher, distributor, etc Royal Book Company
Date of publication, distribution, etc 2011
300 ## - PHYSICAL DESCRIPTION
Extent 129
942 ## - ADDED ENTRY ELEMENTS (KOHA)
Koha item type Books
Holdings
Withdrawn status Lost status Damaged status Not for loan Collection code Permanent Location Current Location Shelving location Date acquired Full call number Barcode Date last seen Price effective from Koha item type
        Electrical Engineering MAJU MAJU Shelf No.A34 2019-07-22 621.3819582 6748 2019-07-22 2019-07-22 Electrical Engineering

Powered by Koha